Budapest - Culture générale - Statistiques

Statistiques générales
  • Ce quiz a été pris 832 fois
    713 depuis la dernière actualisation
  • Le résultat moyen est 12 sur 25
Statistiques - réponses
Information Réponse % Correct
Fleuve traversant la ville Danube
96%
Ville sur la rive droite constituante de Budapest Buda
90%
Ville sur la rive gauche constituante de Budapest Pest
90%
Empire dont elle fut seconde capitale derrière Vienne Empire austro-hongrois
80%
Établissement de bien-être au nombre de 118 dans la ville Thermes
78%
Deuxième langue la plus parlée dans la ville Allemand
77%
Capitale la plus proche de Budapest Bratislava
70%
La ville est la première d'Europe continentale à inaugurer ce système de transport Métro
70%
Ce qu'abrite le bâtiment appelé Országház Parlement hongrois
67%
Épice issue du poivron qui s'y vend Paprika
62%
Création et jeu mondialement répandu d'Ernő Rubik Rubik's Cube
55%
Actuel premier ministre qui discouru sur cette place en 1989 Viktor Orbán
52%
Dynastie qui le menait alors Habsbourgs
51%
Sultan ottoman qui s'empara de la ville et la "turquifia" {Soliman} le Magnifique
46%
Année de l'insurrection matée par les soviétiques 1956
45%
"Meilleur buteur du XXème siècle", emblème du Real Madrid et de la sélection hongroise Ferenc Puskás
39%
Cela a été possible grâce à la construction de ce pont précurseur Pont aux {chaînes}
30%
Vaste place à l'élan nationaliste Place des {Héros}
29%
Leurs hordes ont détruit la ville au XIIème siècle Mongols
27%
Compositeur et pianiste hongrois qui a fondé l'académie de musique et a donné son nom à l'aéroport (Rhapsodies hongroises) Franz Liszt
22%
Premier roi de Hongrie et saint-patron de la ville, il n'est pas vert malgré son nom Saint-Étienne
22%
Région hongroise et géographique où se situe Budapest Hongrie {Centrale}
17%
Troisième ville ayant formé l'actuelle capitale Óbuda
15%
Grand roi de Hongrie qui embellit la ville au XVème siècle Mathias {Corvin}
8%
Médecin, premier partisan du lavage de mains Ignace Philippe {Semmelweis}
5%
Aucun quiz correspondant
Distribution des résultats
% des personnes avec chaque résultat
Percentile par nombre de réponses
Votre historique - résultats
Vous n’avez pas pris ce quiz depuis la dernière actualisation